| 000 | 00565nam a2200205Ia 4500 | ||
|---|---|---|---|
| 005 | 20250505125023.0 | ||
| 008 | 008 250505s9999 xx 000 0 eng d | ||
| 037 | _aTextbook | ||
| 040 |
_aLCO _beng _cLCO |
||
| 041 |
_aeng _2eng |
||
| 084 |
_aZw2,M84 L0 _qLCO |
||
| 100 | _aSetalvad, Motilal C. | ||
| 245 | 0 |
_aMy Life law and other things _cMotilal C. Setalvad |
|
| 260 |
_aBombay, India _bN.M. Tripathi Pvt. Ltd _c1970 |
||
| 300 | _a636 | ||
| 365 |
_aINR _b795 |
||
| 650 | _aLaw | ||
| 942 |
_cTB _hZw2,M84 L0 |
||
| 999 |
_c1311124 _d1311124 |
||